The effect of interfacial adhesion on toughening behaviour of rubber modified poly(methyl methacrylate) (Record no. 70620)

MARC details
000 -LEADER
fixed length control field 00479nam a2200169Ia 4500
100 ## - MAIN ENTRY--AUTHOR NAME
Personal name Cho K
245 #4 - TITLE STATEMENT
Title The effect of interfacial adhesion on toughening behaviour of rubber modified poly(methyl methacrylate)
260 ## - PUBLICATION, DISTRIBUTION, ETC. (IMPRINT)
Name of publisher Polymer
Year of publication 1997
300 ## - PHYSICAL DESCRIPTION
Number of Pages 5161-5167
650 ## - SUBJECT ADDED ENTRY--TOPICAL TERM
Topical Term Interfacial adhesion
650 ## - SUBJECT ADDED ENTRY--TOPICAL TERM
Topical Term Poly(methyl methacrylate)
650 ## - SUBJECT ADDED ENTRY--TOPICAL TERM
Topical Term Toughening
700 ## - ADDED ENTRY--PERSONAL NAME
Personal name Park C E
700 ## - ADDED ENTRY--PERSONAL NAME
Personal name Yang J
942 ## - ADDED ENTRY ELEMENTS (KOHA)
Koha item type Journals
Holdings
Withdrawn status Lost status Damaged status Not for loan Home library Current library Shelving location Date acquired Serial Enumeration / chronology Koha item type
      Journals RRII Library RRII Library Rubber chemistry 17/12/2021 Volume 38, Issue 20 Journals